000 005630000a22001810004500
003 MACL
005 20160226120800.0
008 160226b xxu||||| |||| 00| 0 eng d
040 _aMACL
_cMACL
041 _aHindi
082 _a800
100 _aमाचवे प्रभाकर
_937730
245 _aहिन्‍दी काव्‍य की प्रवृत्तियॉ
260 _bराजकमल प्रकाशन
_c1950
_aनई दिल्‍ली
350 _a10
650 _aLiterature
_940555
942 _cHIN
_k920
_2ddc
999 _c23049
_d23049